书目信息 |
| 题名: |
古希腊教育论著选
|
|
| 作者: | 张法琨 选编 | |
| 分册: | ||
| 出版信息: | 北京 人民教育出版社 2007 |
|
| 页数: | 319页 | |
| 开本: | 20cm | |
| 丛书名: | 外国教育名著丛书 | |
| 单 册: | ||
| 中图分类: | G40-095.45 , G40-095 | |
| 科图分类: | 38.35 | |
| 主题词: | 教育理论--古希腊--文集 | |
| 电子资源: | ||
| ISBN: | 7-107-17473-8 | |
| 000 | 00720nam2 2200265 45 | |
| 001 | 1539098369 | |
| 005 | 20150127105219.90 | |
| 010 | @a7-107-17473-8@dCNY21.50 | |
| 100 | @a19960717d2007 y0chiy0120 ea | |
| 101 | 0 | @achi |
| 102 | @aCN@b110000 | |
| 105 | @ay z 000yy | |
| 200 | 10 | @a古希腊教育论著选@Agu xi la jiao yu lun zhu xuan@f张法琨选编 |
| 205 | @a2版 | |
| 210 | @a北京@c人民教育出版社@d2007 | |
| 215 | @a319页@d20cm | |
| 225 | 2 | @a外国教育名著丛书 |
| 410 | 0 | @120010@a外国教育名著丛书 |
| 606 | @a教育理论@y古希腊@x文集 | |
| 690 | @aG40-095.45@v3 | |
| 690 | @aG40-095@v4 | |
| 692 | @a38.35@v2 | |
| 701 | 0 | @a张法琨@Azhang fa kun@4选编 |
| 801 | 0 | @aCN@bTSSF@c20150127 |
| 905 | @aZUCC@dG40-095@eJY9=2 | |
| 古希腊教育论著选/张法琨选编.-2版.-北京:人民教育出版社,2007 |
| 319页;20cm.-(外国教育名著丛书) |
| ISBN 7-107-17473-8:CNY21.50 |
| ● |
| 相关链接 |
|
|
|
|
正题名:古希腊教育论著选
索取号:G40-095/JY9=2
 
预约/预借
| 序号 | 登录号 | 条形码 | 馆藏地/架位号 | 状态 | 备注 |
| 1 | 7845587 | 278455878 | 学院路分馆/ [索取号:G40-095/JY9=2] | 在馆 |